[Event "40th Olympiad Women"]
[Site "Istanbul TUR"]
[Date "2012.09.05"]
[Round "8.22"]
[Board "4"]
[White "Martinez, Ayelen"]
[Black "Vazquez Flores, Janet Sarai"]
[Result "1-0"]
[WhiteElo "2095"]
[BlackElo "1937"]
[WhiteTeam "Argentina"]
[BlackTeam "Mexico"]
[WhiteFideId "118702"]
[BlackFideId "5117810"]
[EventDate "2012.08.28"]

1. e4 c5 2. Nf3 Nc6 3. Bb5 g6 4. O-O Bg7 5. c3 e5 6. Na3 a6 7. Bxc6 dxc6 8. Nc4
Qc7 9. a4 Be6 10. Qe2 Ne7 11. a5 O-O 12. Ng5 Bxc4 13. Qxc4 h6 14. Nf3 Qd6 15. d3
Rfd8 16. Rd1 Nc8 17. Be3 Bf8 18. Qb3 Rb8 19. d4 cxd4 20. cxd4 exd4 21. Rxd4 Qe7
22. Rxd8 Qxd8 23. Ne5 Qe8 24. Nxg6 Qxe4 25. Nxf8 Kxf8 26. Bxh6+ Kg8 27. Qg3+ 1-0

[Event "40th Olympiad Women"]
[Site "Istanbul TUR"]
[Date "2012.09.05"]
[Round "8.23"]
[Board "1"]
[White "Medina, Warda Aulia"]
[Black "Zepeda, Lorena"]
[Result "1-0"]
[WhiteTitle "WFM"]
[BlackTitle "WIM"]
[WhiteElo "2218"]
[BlackElo "2139"]
[WhiteTeam "Indonesia"]
[BlackTeam "El Salvador"]
[WhiteFideId "7101570"]
[BlackFideId "6700233"]
[EventDate "2012.08.28"]

1. e4 c5 2. Nf3 d6 3. d4 cxd4 4. Nxd4 Nf6 5. Nc3 a6 6. Be2 e6 7. Be3 Be7 8. a4
O-O 9. O-O Nc6 10. f4 Qc7 11. Kh1 Re8 12. Qd2 Bd7 13. Nb3 Na5 14. Nxa5 Qxa5 15.
Bd3 Bc6 16. b4 Qc7 17. b5 Bd7 18. b6 Qc6 19. Bd4 Rac8 20. e5 Ng4 21. Ne4 dxe5
22. fxe5 Qd5 23. Qf4 Nh6 24. c4 Rxc4 25. Bxc4 Qxc4 26. Rac1 Qxa4 27. Bc5 Bc6 28.
Rc4 Qa2 29. Bxe7 Rxe7 30. Rd4 Re8 31. Rd2 Qa4 32. Nf6+ gxf6 33. Qxh6 Qg4 34.
Qxf6 Qg6 35. Qh4 Kh8 36. Qf6+ Kg8 37. h4 Qxf6 38. exf6 h6 39. h5 e5 40. Rfd1 Re6
41. Rd8+ Kh7 42. R1d6 Rxd6 43. Rxd6 Bb5 44. Kg1 e4 45. Kf2 Be8 46. Ke3 a5 47.
Kxe4 a4 48. Ke5 Bb5 49. Rd5 Be2 50. Ra5 Bxh5 51. Rxa4 Be2 52. Ra7 1-0

[Event "40th Olympiad Women"]
[Site "Istanbul TUR"]
[Date "2012.09.05"]
[Round "8.23"]
[Board "2"]
[White "Sanchez, Ingrid"]
[Black "Sihite, Chelsie Monica"]
[Result "0-1"]
[WhiteTitle "WCM"]
[BlackTitle "WIM"]
[WhiteElo "1992"]
[BlackElo "2162"]
[WhiteTeam "El Salvador"]
[BlackTeam "Indonesia"]
[WhiteFideId "6700217"]
[BlackFideId "7101198"]
[EventDate "2012.08.28"]

1. e4 e5 2. Nf3 Nc6 3. Bb5 Nge7 4. c3 a6 5. Ba4 b5 6. Bb3 d5 7. exd5 Nxd5 8. O-O
Be7 9. d4 e4 10. Ne5 Nxe5 11. dxe5 c6 12. Qd4 Bf5 13. Rd1 Qc7 14. Nd2 Nf4 15.
Qe3 Qxe5 16. Nf3 Qf6 17. Qxf4 exf3 18. Qxf3 O-O 19. Be3 Rad8 20. h3 Qg6 21. Rd4
Rxd4 22. Bxd4 c5 23. Be3 h5 24. Re1 Bd6 25. Bc1 c4 26. Bd1 h4 27. Qh5 Qxh5 28.
Bxh5 f6 29. Bf3 Rd8 30. Bb7 Bc8 31. Bxc8 Rxc8 32. Re4 Rd8 33. Kf1 g5 34. Ke2 Kf7
35. f4 f5 36. Rd4 g4 37. Be3 Ke6 38. a4 gxh3 39. gxh3 Rg8 40. axb5 axb5 41. Bf2
Rg2 42. Kf3 Rxf2+ 43. Kxf2 Bc5 44. Ke3 Bb6 45. Kd2 Bxd4 46. cxd4 b4 47. Ke2 Kd5
48. Ke3 b3 0-1

[Event "40th Olympiad Women"]
[Site "Istanbul TUR"]
[Date "2012.09.05"]
[Round "8.24"]
[Board "1"]
[White "Greeff, Melissa"]
[Black "Fierro Baquero, Martha L."]
[Result "0-1"]
[WhiteTitle "WGM"]
[BlackTitle "IM"]
[WhiteElo "2091"]
[BlackElo "2384"]
[WhiteTeam "South Africa"]
[BlackTeam "Ecuador"]
[WhiteFideId "14301504"]
[BlackFideId "3600270"]
[EventDate "2012.08.28"]

1. e4 g6 2. d4 Bg7 3. Nf3 c6 4. c3 d6 5. a4 Nf6 6. Bd3 O-O 7. O-O Bg4 8. Nbd2 e5
9. h3 Bxf3 10. Nxf3 Re8 11. dxe5 dxe5 12. Be3 Nbd7 13. Qc2 Qe7 14. Bc4 h6 15. a5
Nc5 16. Nd2 Nh5 17. g3 Ne6 18. Rfd1 Qc7 19. Bf1 b5 20. axb6 axb6 21. b4 b5 22.
Nb3 Bf8 23. Ra5 Nf6 24. Rda1 Rab8 25. Kh2 h5 26. Be2 h4 27. Nd2 Kg7 28. Nf3
hxg3+ 29. fxg3 Bd6 30. Ng5 Nxg5 31. Bxg5 Nh7 32. Be3 Rb7 33. Qd2 Kg8 34. Ra8
Rxa8 35. Rxa8+ Bf8 36. Qd8 Kg7 37. Qh4 Rb8 38. Ra7 Rb7 39. Ra8 Rb8 40. Ra7 Qd8
41. Qg4 Ra8 42. Qf3 Rxa7 43. Bxa7 Qd2 44. Qd3 Qa2 45. Be3 Be7 46. Qd2 Qe6 47.
Bd3 Nf6 48. Bb1 Qc4 49. Qd3 Qb3 50. Qc2 Qa3 51. Bc1 Qa7 52. Qe2 Qa1 53. Qb2 Qa7
54. Qe2 Nh7 55. Ba2 Bg5 56. Bxg5 Nxg5 57. Bb1 Qa1 58. Qd3 Qb2+ 59. Bc2 Ne6 60.
Kg1 c5 61. bxc5 Nxc5 62. Qe3 Na4 63. Bxa4 bxa4 64. Qc5 Qb1+ 65. Kf2 Qxe4 66. Qa5
Qf5+ 67. Ke1 Qe4+ 68. Kf2 g5 69. g4 Qf4+ 70. Ke1 Qe3+ 71. Kd1 Qf3+ 72. Ke1 Qf4
73. Kd1 Kh7 74. Ke1 Qe3+ 75. Kd1 Qf3+ 76. Ke1 Qe3+ 77. Kd1 Qg1+ 78. Ke2 Qg2+ 79.
Ke1 Qg3+ 80. Ke2 Qxh3 81. Qxa4 Qxc3 82. Qe4+ Kg7 83. Qf5 Qc4+ 84. Ke1 Qb4+ 85.
Ke2 Qf4 86. Qc8 e4 87. Qc3+ Qf6 88. Qc8 Qf3+ 89. Ke1 Qe3+ 90. Kf1 Qd3+ 91. Kg2
e3 92. Qc5 Qe4+ 93. Kh3 Qf3+ 94. Kh2 Qf2+ 95. Kh1 Qh4+ 96. Kg2 Qxg4+ 97. Kf1
Qf4+ 98. Ke1 Qf2+ 0-1

[Event "40th Olympiad Women"]
[Site "Istanbul TUR"]
[Date "2012.09.05"]
[Round "8.24"]
[Board "2"]
[White "Heredia Serrano, Carla"]
[Black "Solomons, Anzel"]
[Result "0-1"]
[WhiteTitle "WIM"]
[BlackTitle "WIM"]
[WhiteElo "2242"]
[BlackElo "1927"]
[WhiteTeam "Ecuador"]
[BlackTeam "South Africa"]
[WhiteFideId "3603687"]
[BlackFideId "14300800"]
[EventDate "2012.08.28"]

1. d4 d5 2. Nf3 Nf6 3. c4 c6 4. Nc3 dxc4 5. e4 e6 6. Bxc4 b5 7. Bd3 a6 8. Bg5 h6
9. Bh4 g5 10. Bg3 g4 11. Ne5 Qxd4 12. O-O Rg8 13. Qb1 Qb6 14. a4 Bb7 15. Kh1
Nbd7 16. f4 gxf3 17. Rxf3 Be7 18. Qc1 Nxe5 19. Bxe5 Ng4 20. Bg3 Bg5 21. Qf1 Rg7
22. Qe2 b4 23. Nd1 h5 24. h4 Be7 25. Ne3 Nxe3 26. Rxe3 Rg4 27. a5 Qd8 28. Qf3
Bxh4 29. Rf1 Qe7 30. Bh2 f6 31. Bc4 O-O-O 32. Rd3 Rxd3 33. Qxd3 Qd7 34. Qe3 Bg5
35. Qc5 Bh6 36. Rxf6 Rxe4 37. Rf1 e5 38. Qf2 Rxc4 39. Bxe5 Qe6 40. Bh2 Rg4 41.
Qa7 Bf4 42. Bxf4 Qe2 43. Qb8+ Kd7 44. Qxb7+ Ke8 45. Qxc6+ Kf7 46. Qd5+ Kg6 47.
Qg8+ Kf5 48. Qf7+ Ke4 49. Qe6+ Kd3 50. Qxa6+ Kd4 0-1

[Event "40th Olympiad Women"]
[Site "Istanbul TUR"]
[Date "2012.09.05"]
[Round "8.24"]
[Board "3"]
[White "Frick, Denise"]
[Black "Vasquez Ramirez, Rocio"]
[Result "0-1"]
[WhiteTitle "WIM"]
[BlackTitle "WIM"]
[WhiteElo "1896"]
[BlackElo "2132"]
[WhiteTeam "South Africa"]
[BlackTeam "Ecuador"]
[WhiteFideId "14300818"]
[BlackFideId "3600750"]
[EventDate "2012.08.28"]

1. e4 c5 2. Nf3 e6 3. d4 cxd4 4. Nxd4 a6 5. Bd3 Nc6 6. Nb3 Nf6 7. Nc3 b5 8. O-O
Bb7 9. Be3 d6 10. f4 b4 11. Na4 Nd7 12. Qg4 h5 13. Qe2 Be7 14. Bc4 Na5 15. Bd3
Bc6 16. Nxa5 Qxa5 17. b3 Bxa4 18. bxa4 Nc5 19. Bxc5 Qxc5+ 20. Kh1 Bf6 21. Rad1
Qa5 22. Bc4 Ke7 23. Bb3 h4 24. Rf3 Rac8 25. Rfd3 Rhd8 26. f5 Rc3 27. Qd2 Qe5 28.
Rxc3 Qxc3 29. Qxc3 Bxc3 30. fxe6 fxe6 31. Rd3 Rf8 32. g3 h3 33. Rd1 Rf2 34. Kg1
Rg2+ 35. Kh1 Re2 36. Bc4 Rxc2 37. Bxa6 Rxa2 38. Bf1 b3 39. Bc4 Ra3 40. Rb1 b2
41. Kg1 Rxa4 42. Bd3 Rd4 43. Bc2 Rd2 44. Bb3 Rg2+ 45. Kh1 Re2 46. Ba4 Rxe4 47.
Kg1 0-1

[Event "40th Olympiad Women"]
[Site "Istanbul TUR"]
[Date "2012.09.05"]
[Round "8.24"]
[Board "4"]
[White "Romero Echeverria, Abigail"]
[Black "Tlale, Tshepang"]
[Result "1-0"]
[WhiteTitle "WFM"]
[BlackTitle "WFM"]
[WhiteElo "2109"]
[BlackElo "1782"]
[WhiteTeam "Ecuador"]
[BlackTeam "South Africa"]
[WhiteFideId "3603806"]
[BlackFideId "14304503"]
[EventDate "2012.08.28"]

1. e4 c5 2. c3 e6 3. d4 d5 4. e5 Nc6 5. Nf3 Bd7 6. Be2 f6 7. exf6 Nxf6 8. O-O
Bd6 9. c4 Nxd4 10. Nxd4 cxd4 11. cxd5 e5 12. f4 Qc7 13. Na3 e4 14. Nb5 Bxb5 15.
Bxb5+ Kf7 16. Kh1 a6 17. Ba4 b5 18. Bb3 Qa7 19. Bd2 Rhe8 20. Ba5 Kg8 21. Rc1
Rac8 22. Rxc8 Rxc8 23. g4 e3 24. g5 Ne4 25. Be1 Qc5 26. Qd3 Re8 27. Kg2 Kh8 28.
h4 Bb8 29. a3 Qc8 30. Bd1 Qc4 31. Be2 Qxd5 32. Bf3 Ba7 33. h5 Qe6 34. b4 Nd6 35.
Bg3 Qa2+ 36. Be2 Ne4 37. Rc1 Nc3 38. Rc2 Qd5+ 39. Bf3 Qd7 40. Rxc3 Qe6 41. Rc2
Rd8 42. f5 Qe8 43. f6 gxf6 44. Rc7 Qf8 1-0

[Event "40th Olympiad Women"]
[Site "Istanbul TUR"]
[Date "2012.09.05"]
[Round "8.25"]
[Board "1"]
[White "Sanchez Castillo, Sarai"]
[Black "Novkovic, Julia"]
[Result "1/2-1/2"]
[WhiteTitle "IM"]
[BlackTitle "WFM"]
[WhiteElo "2193"]
[BlackElo "2066"]
[WhiteTeam "Venezuela"]
[BlackTeam "Austria"]
[WhiteFideId "3900754"]
[BlackFideId "12000086"]
[EventDate "2012.08.28"]

1. e4 e5 2. Nf3 Nc6 3. Bc4 Nf6 4. d3 Be7 5. O-O O-O 6. Re1 d6 7. c3 Na5 8. Bb5
a6 9. Ba4 b5 10. Bc2 c5 11. h3 Nc6 12. Nbd2 Re8 13. d4 cxd4 14. cxd4 exd4 15.
Nb3 Nb4 16. Bb1 d3 17. Nbd4 d5 18. e5 Ne4 19. a3 Nc2 20. Nxc2 dxc2 21. Bxc2 Bb7
22. Be3 Rc8 23. Nd4 g6 24. f3 Nc5 25. b4 Ne6 26. f4 Bh4 27. Rf1 Rc3 28. Qd2 Qc7
29. Rac1 Rc8 30. f5 Nxd4 31. Qxd4 Rxc2 32. Rxc2 Qxc2 33. e6 fxe6 34. Bh6 Qc3 35.
Qxh4 exf5 36. Rc1 Qxc1+ 37. Bxc1 Rxc1+ 38. Kh2 Bc6 39. Qd8+ Kg7 40. Qe7+ Kg8 41.
Qd8+ Kg7 42. Qc7+ Kf6 43. Qd6+ Kf7 44. Qc7+ 1/2-1/2

[Event "40th Olympiad Women"]
[Site "Istanbul TUR"]
[Date "2012.09.05"]
[Round "8.25"]
[Board "2"]
[White "Exler, Veronika"]
[Black "Gutierrez, Leonela"]
[Result "1-0"]
[WhiteTitle "WFM"]
[WhiteElo "2103"]
[BlackElo "2067"]
[WhiteTeam "Austria"]
[BlackTeam "Venezuela"]
[WhiteFideId "1620550"]
[BlackFideId "3900401"]
[EventDate "2012.08.28"]

1. d4 Nf6 2. Nf3 g6 3. c4 Bg7 4. g3 O-O 5. Bg2 d6 6. O-O Nbd7 7. Nc3 e5 8. e4 c6
9. h3 Qb6 10. Re1 exd4 11. Nxd4 Ne5 12. b3 Nh5 13. Be3 Qc7 14. g4 Nf6 15. f4
Ned7 16. Qd2 Re8 17. Rad1 Nc5 18. Bf2 a5 19. Nc2 Nfd7 20. Bd4 Bf8 21. Bf3 b6 22.
Kg2 Bb7 23. h4 Rad8 24. h5 Ne6 25. Be3 Bg7 26. Rh1 d5 27. cxd5 cxd5 28. Nxd5
Bxd5 29. exd5 Nf6 30. d6 Qb8 31. hxg6 hxg6 32. g5 Nd7 33. Qf2 Nef8 34. Bd4 f6
35. Bd5+ Ne6 36. f5 gxf5 37. Qxf5 Qxd6 38. gxf6 Nf8 39. f7# 1-0

[Event "40th Olympiad Women"]
[Site "Istanbul TUR"]
[Date "2012.09.05"]
[Round "8.25"]
[Board "3"]
[White "Montilla, Jorcerys"]
[Black "Kopinits, Anna-Christina"]
[Result "0-1"]
[BlackTitle "WIM"]
[WhiteElo "2050"]
[BlackElo "2234"]
[WhiteTeam "Venezuela"]
[BlackTeam "Austria"]
[WhiteFideId "3900517"]
[BlackFideId "1614142"]
[EventDate "2012.08.28"]

1. d4 d5 2. c4 c6 3. Nc3 Nf6 4. Nf3 dxc4 5. a4 Bf5 6. e3 e6 7. Bxc4 Bb4 8. O-O
Nbd7 9. h3 O-O 10. Qe2 Bg6 11. Rd1 Ne4 12. Nxe4 Bxe4 13. Nd2 Bc2 14. Rf1 a5 15.
Nb3 Bg6 16. e4 Qe7 17. f4 f6 18. Bd2 Bf7 19. e5 Nb6 20. Bd3 Bg6 21. Bxg6 hxg6
22. Qg4 Kf7 23. Rf2 Rad8 24. Bxb4 Qxb4 25. Nc5 f5 26. Qf3 Nd5 27. g4 Qxd4 28.
Nxb7 Rb8 29. Rd1 Qxa4 30. Nc5 Qc4 31. Qa3 Rfd8 32. gxf5 gxf5 33. Nd3 Ne3 34.
Rdd2 Rb3 35. Qxa5 Rdxd3 36. Qc7+ Kg8 37. Rxd3 Rxd3 38. Qc8+ Kh7 39. Qe8 Qc1+ 40.
Kh2 Qd1 41. Qxc6 Nf1+ 0-1

[Event "40th Olympiad Women"]
[Site "Istanbul TUR"]
[Date "2012.09.05"]
[Round "8.25"]
[Board "4"]
[White "Newrkla, Katharina"]
[Black "Hernandez, Zaida"]
[Result "1/2-1/2"]
[WhiteTitle "WFM"]
[WhiteElo "2165"]
[BlackElo "1990"]
[WhiteTeam "Austria"]
[BlackTeam "Venezuela"]
[WhiteFideId "1621629"]
[BlackFideId "3901041"]
[EventDate "2012.08.28"]

1. e4 c5 2. Nf3 d6 3. d4 cxd4 4. Nxd4 Nf6 5. Nc3 Nc6 6. Bg5 Bd7 7. Qd2 h6 8.
Bxf6 gxf6 9. O-O-O Nxd4 10. Qxd4 Qa5 11. f4 Rc8 12. Kb1 Qc5 13. f5 h5 14. Be2 h4
15. Qxc5 Rxc5 16. Nd5 Bh6 17. Rhf1 Bg5 18. Rf3 Rc8 19. Ra3 a6 20. Bf3 Bc6 21.
Rc3 Bd7 22. Rxc8+ Bxc8 23. a4 Bd7 24. a5 e6 25. Nb6 Bf4 26. Nxd7 Kxd7 27. h3 Be5
28. Rd3 Rc8 29. Bh5 Rf8 30. Rb3 Kc7 31. Rd3 Kc6 32. Ka2 Kb5 33. Rb3+ Kc6 34. Rb4
Kc7 35. Rc4+ Kd7 36. Kb1 Kd8 37. Kc1 Kd7 38. b3 Kd8 39. Kd1 Kd7 40. Ke2 Kd8 41.
Kf3 Kd7 42. Ke2 1/2-1/2

[Event "40th Olympiad Women"]
[Site "Istanbul TUR"]
[Date "2012.09.05"]
[Round "8.26"]
[Board "1"]
[White "Azman Hisham, Nur Najiha"]
[Black "Boric, Elena"]
[Result "1-0"]
[WhiteTitle "WFM"]
[BlackTitle "WIM"]
[WhiteElo "1882"]
[BlackElo "2319"]
[WhiteTeam "Malaysia"]
[BlackTeam "Bosnia & Herzegovina"]
[WhiteFideId "5704685"]
[BlackFideId "14400839"]
[EventDate "2012.08.28"]

1. d4 d6 2. c4 f5 3. Nc3 Nf6 4. h4 c6 5. Nf3 Qc7 6. Bf4 g6 7. Qc2 Bg7 8. c5 Qd8
9. e3 O-O 10. Bc4+ Kh8 11. O-O b5 12. cxb6 axb6 13. b4 b5 14. Bb3 Na6 15. a3 Bd7
16. Ng5 Nh5 17. Bh2 Qe8 18. Be6 Nc7 19. Bxd7 Qxd7 20. Qb3 e5 21. dxe5 dxe5 22.
Rad1 Qe7 23. Rd2 h6 24. Nf3 c5 25. Qd1 cxb4 26. axb4 Qxb4 27. Nxe5 Kh7 28. Na2
Qa5 29. Nc6 Qb6 30. Ncb4 Ne8 31. Nd5 Qe6 32. Nab4 Nhf6 33. Nf4 Qc4 34. Rd4 Qf7
35. Qd3 Nc7 36. Nc6 Nfe8 37. Rd7 Qc4 38. Qxc4 bxc4 39. h5 g5 40. Ng6 Rf6 41. Nd4
Ne6 42. Nxe6 f4 43. exf4 Ra5 44. fxg5 hxg5 45. Nxg7 Nxg7 46. Be5 Rxe5 47. Nxe5
c3 48. Rc1 Rf5 49. Rxc3 Rxe5 50. Rcc7 Kh6 51. Rxg7 Kxh5 52. Rc6 Ra5 53. f3 g4
54. fxg4+ Kh4 55. Kh2 1-0

[Event "40th Olympiad Women"]
[Site "Istanbul TUR"]
[Date "2012.09.05"]
[Round "8.26"]
[Board "2"]
[White "Dimitrijevic, Aleksandra"]
[Black "Azman Hisham, Nur Nabila"]
[Result "1/2-1/2"]
[WhiteTitle "WFM"]
[BlackTitle "WCM"]
[WhiteElo "2280"]
[BlackElo "1910"]
[WhiteTeam "Bosnia & Herzegovina"]
[BlackTeam "Malaysia"]
[WhiteFideId "929239"]
[BlackFideId "5702135"]
[EventDate "2012.08.28"]

1. d4 Nf6 2. c4 c5 3. d5 b5 4. cxb5 a6 5. b6 Qxb6 6. Nc3 d6 7. g3 g6 8. Bg2 Bg7
9. Nh3 O-O 10. O-O a5 11. Qc2 Ba6 12. Na4 Qb7 13. Re1 Nbd7 14. Bg5 Rfc8 15. Rad1
Rab8 16. e4 h6 17. Bc1 Ng4 18. f3 Nge5 19. f4 Nc4 20. e5 dxe5 21. f5 Kh7 22.
fxg6+ fxg6 23. d6 Qa7 24. dxe7 Re8 25. b3 Ncb6 26. Rd6 Nf6 27. Nxb6 Rxb6 28.
Qxc5 Rb7 29. Qxa7 Rxa7 30. Be3 Rexe7 31. Bxa7 Rxa7 32. Rxe5 Bc8 33. Nf4 Ng4 34.
Re1 Nf6 35. a4 Rc7 36. Rc6 Rxc6 37. Bxc6 g5 38. Ne6 Bh8 39. Kg2 Kg6 40. Nc5 Bg7
41. Ne6 Bh8 42. Nc7 Bf5 43. b4 axb4 44. a5 Ng4 45. Nb5 Ne5 46. Be4 Nd3 47. Bxf5+
Kxf5 48. Rb1 Nc5 49. Rxb4 Bf6 50. Rc4 Na6 51. Rc6 Nb4 52. Rxf6+ Kxf6 53. Nc7 Nc6
54. a6 Na7 55. Kf3 Kf5 56. g4+ Ke5 57. Ne8 Nb5 58. h3 Ke6 59. Ke4 Kf7 60. Kf5
Kxe8 61. Kg6 Ke7 62. Kxh6 Kf6 63. Kh5 Na7 64. h4 gxh4 65. Kxh4 Kg6 66. g5 1/2-1/2

[Event "40th Olympiad Women"]
[Site "Istanbul TUR"]
[Date "2012.09.05"]
[Round "8.26"]
[Board "3"]
[White "Tan, Li Ting"]
[Black "Dengler, Dijana"]
[Result "1/2-1/2"]
[BlackTitle "WFM"]
[WhiteElo "1834"]
[BlackElo "2066"]
[WhiteTeam "Malaysia"]
[BlackTeam "Bosnia & Herzegovina"]
[WhiteFideId "5704820"]
[BlackFideId "14400081"]
[EventDate "2012.08.28"]

1. d4 d5 2. c4 c6 3. Nc3 Nf6 4. Nf3 a6 5. a4 e6 6. Bg5 h6 7. Bh4 Nbd7 8. e3 Bb4
9. Nd2 Qa5 10. Rc1 Ne4 11. Ndxe4 dxe4 12. Be2 O-O 13. O-O f5 14. f4 exf3 15.
Bxf3 e5 16. Bg3 f4 17. Bf2 fxe3 18. Bxe3 exd4 19. Bxd4 Bc5 20. Ne4 Bxd4+ 21.
Qxd4 Ne5 22. Be2 Bg4 23. Bxg4 Nxg4 24. c5 Qd8 25. Rxf8+ Qxf8 26. Nd6 Qe7 27. h3
Nf6 28. Nf5 Qe6 29. Rf1 Rf8 30. Qe3 Qxe3+ 31. Nxe3 Ne4 32. Rxf8+ Kxf8 33. b4 a5
34. bxa5 Nxc5 35. Nf5 Nxa4 36. Nd6 Nc5 37. Nxb7 Na6 38. Nd6 Ke7 39. Nc4 Ke6 40.
Kf2 Kd5 41. Ne3+ Ke4 42. Ke2 g6 43. Nc4 Kd4 44. Nd6 c5 45. Nf7 h5 46. Nh8 g5 47.
Nf7 g4 48. hxg4 hxg4 49. Nh6 Kc4 50. Nxg4 Kb5 51. Ne5 Kxa5 52. Kd3 Kb5 53. Ke4
Nc7 54. g4 Ne8 55. g5 Ng7 56. Kd5 Kb6 57. Nd7+ Kc7 58. Nxc5 Ne8 59. Ke6 Ng7+ 60.
Kf7 Nh5 61. g6 Ng3 62. Ne6+ Kd7 63. Nd4 Nh5 64. Nf5 Kc6 65. Ke7 Kd5 66. Ke8 Ke5
67. Ng3 Kd5 1/2-1/2

[Event "40th Olympiad Women"]
[Site "Istanbul TUR"]
[Date "2012.09.05"]
[Round "8.26"]
[Board "4"]
[White "Dedijer, Mira"]
[Black "Camilia, Bt. Johari"]
[Result "0-1"]
[WhiteElo "1981"]
[BlackElo "1778"]
[WhiteTeam "Bosnia & Herzegovina"]
[BlackTeam "Malaysia"]
[WhiteFideId "14401622"]
[BlackFideId "5704677"]
[EventDate "2012.08.28"]

1. e4 c6 2. d3 d5 3. Nd2 dxe4 4. dxe4 e5 5. Ngf3 Bc5 6. Bc4 Nd7 7. a4 a5 8. O-O
Ngf6 9. Qe2 Qc7 10. Nb3 Bb6 11. Bxf7+ Kxf7 12. Qc4+ Kf8 13. Ng5 Nb8 14. Rd1 Qe7
15. Be3 Nbd7 16. Ne6+ Ke8 17. Bc5 Nxc5 18. Nbxc5 Bxe6 19. Nxe6 Nxe4 20. Kf1 Nc5
21. Nxc5 Qxc5 22. Qe6+ Qe7 23. Qc4 Rf8 24. f3 Rf7 25. Re1 Kf8 26. Re4 Qc5 0-1

[Event "40th Olympiad Women"]
[Site "Istanbul TUR"]
[Date "2012.09.05"]
[Round "8.27"]
[Board "1"]
[White "Sop, Selen"]
[Black "Borda, Carla"]
[Result "1-0"]
[WhiteTitle "WCM"]
[BlackTitle "WCM"]
[WhiteElo "1993"]
[BlackElo "1977"]
[WhiteTeam "Turkey 2016"]
[BlackTeam "Bolivia"]
[WhiteFideId "6300278"]
[BlackFideId "3301087"]
[EventDate "2012.08.28"]

1. e4 c6 2. d4 d5 3. Nc3 dxe4 4. Nxe4 Bf5 5. Ng3 Bg6 6. N1e2 e6 7. Nf4 Bd6 8. h4
Qc7 9. Nfh5 Bxh5 10. Qxh5 Bxg3 11. Qg5 Bxf2+ 12. Kxf2 Kf8 13. Bf4 Qe7 14. Qg3
Nf6 15. Qb3 Nd5 16. Be5 f6 17. Bg3 Kf7 18. c4 Nb6 19. Re1 Rd8 20. c5 Nd5 21. Bd3
g6 22. h5 Kg7 23. hxg6 hxg6 24. Bd6 Qf7 25. Be4 Na6 26. Bxd5 cxd5 27. Qe3 g5 28.
Qxe6 Qxe6 29. Rxe6 Re8 30. Rhe1 Rxe6 31. Rxe6 Kg6 32. Re7 Nb4 33. Rxb7 Nc6 34.
b4 Nxd4 35. b5 Re8 36. a4 Re2+ 37. Kf1 Ra2 38. c6 Nf5 39. Bc5 Rc2 40. Bxa7 d4
41. Rd7 Ne3+ 42. Ke1 Nxg2+ 43. Kf1 Ne3+ 44. Kg1 Nf5 45. Bxd4 g4 46. c7 g3 47.
Kh1 Nh4 48. c8=Q Rxc8 49. Rd6 Rc1+ 50. Bg1 Nf3 51. Kg2 Nxg1 52. Rc6 Ra1 53. Rc4
Ne2 54. Rb4 Nc3 55. b6 Nd5 56. b7 Nxb4 57. b8=Q Rxa4 58. Qe8+ Kg5 59. Qxa4 Nd3
60. Qb5+ Ne5 61. Qe8 Kf4 62. Qh8 f5 63. Qh4+ Ng4 64. Qxg3+ Ke4 65. Qf3+ Ke5 66.
Qc3+ Ke4 67. Qb4+ Ke5 68. Kg3 Nf6 69. Qf4+ Ke6 70. Kh4 Ne4 71. Kh5 Kf6 72. Kh6
Ke6 73. Kg7 Nd6 74. Kg6 Ke7 75. Qe5+ Kd7 76. Kf6 Kc6 77. Ke6 Ne8 78. Qd5+ Kb6
79. Qd8+ Nc7+ 80. Kd6 1-0

[Event "40th Olympiad Women"]
[Site "Istanbul TUR"]
[Date "2012.09.05"]
[Round "8.27"]
[Board "2"]
[White "Estrada, Lucia"]
[Black "Patel, Yesim"]
[Result "1-0"]
[WhiteTitle "WIM"]
[WhiteElo "2026"]
[BlackElo "1845"]
[WhiteTeam "Bolivia"]
[BlackTeam "Turkey 2016"]
[WhiteFideId "3301923"]
[BlackFideId "6300200"]
[EventDate "2012.08.28"]

1. d4 d5 2. Nf3 Nf6 3. e3 c5 4. b3 Nc6 5. Bb2 Bg4 6. Nbd2 e6 7. a3 cxd4 8. exd4
Bd6 9. Be2 Qc7 10. O-O Ne4 11. h3 Bh5 12. c4 O-O 13. Rc1 Qe7 14. b4 Bf4 15. Ra1
Nxd2 16. Nxd2 Bxe2 17. Qxe2 Bxd2 18. Qxd2 dxc4 19. Qc3 Qf6 20. Qxc4 Rac8 21.
Rad1 Ne7 22. Qb3 Nd5 23. Rd3 Nf4 24. Rf3 Qg5 25. g4 Ne2+ 26. Kh2 Rfd8 27. Qd3
Qg6 28. Qxe2 Rc2 29. Qb5 Rxb2 30. Qxb7 a5 31. Qc7 Ra8 32. bxa5 h5 33. Rg1 Rc2
34. Qe5 h4 35. g5 Qh5 36. Qf4 Rxa5 37. g6 fxg6 38. Qb8+ Kh7 39. Rf8 1-0

[Event "40th Olympiad Women"]
[Site "Istanbul TUR"]
[Date "2012.09.05"]
[Round "8.28"]
[Board "1"]
[White "Leite, Catarina"]
[Black "Guo, Emma"]
[Result "1-0"]
[WhiteTitle "WIM"]
[BlackTitle "WIM"]
[WhiteElo "2178"]
[BlackElo "2004"]
[WhiteTeam "Portugal"]
[BlackTeam "Australia"]
[WhiteFideId "1901222"]
[BlackFideId "3200795"]
[EventDate "2012.08.28"]

1. e4 e5 2. Nf3 f5 3. d4 fxe4 4. Nxe5 Nf6 5. Bc4 d5 6. Bb3 Be7 7. c4 Be6 8. cxd5
Bxd5 9. Nc3 c6 10. Bg5 O-O 11. O-O Kh8 12. Bxf6 Bxf6 13. Nxd5 cxd5 14. Qh5 Bxe5
15. dxe5 Nc6 16. Rad1 Ne7 17. Qh4 Rc8 18. Rc1 Rxc1 19. Rxc1 Qb6 20. h3 Nf5 21.
Qf4 Qb4 22. Bxd5 Nd4 23. Qxe4 Qxb2 24. Rf1 Ne2+ 25. Kh2 Nc3 26. Qc4 Nxd5 27.
Qxd5 Re8 28. f4 Qe2 29. Rf3 h6 30. Qf7 Rg8 31. a3 Qb5 32. Rb3 Qa4 33. Rxb7 Qxa3
34. Rxa7 Qc3 35. Re7 Qd4 36. Re8 Rxe8 37. Qxe8+ Kh7 38. Qf7 1-0

[Event "40th Olympiad Women"]
[Site "Istanbul TUR"]
[Date "2012.09.05"]
[Round "8.28"]
[Board "2"]
[White "Yu, Sally"]
[Black "Coimbra, Margarida"]
[Result "0-1"]
[BlackTitle "WFM"]
[WhiteElo "1990"]
[BlackElo "2116"]
[WhiteTeam "Australia"]
[BlackTeam "Portugal"]
[WhiteFideId "3206718"]
[BlackFideId "1901192"]
[EventDate "2012.08.28"]

1. e4 e5 2. Nf3 Nc6 3. Bb5 a6 4. Ba4 Nf6 5. d4 exd4 6. O-O Be7 7. Re1 b5 8. e5
Nxe5 9. Rxe5 d6 10. Re1 bxa4 11. Nxd4 Bd7 12. Qf3 O-O 13. Nc6 Bxc6 14. Qxc6 Re8
15. Qxa4 Bf8 16. Qa5 Qd7 17. Bd2 Rxe1+ 18. Bxe1 Re8 19. Nc3 Qc6 20. f3 Re5 21.
Qa4 Qb6+ 22. Kf1 Qxb2 23. Rb1 Rxe1+ 24. Kxe1 Qxc3+ 25. Ke2 Nd5 26. Qe4 Qc5 0-1